Prečo čítať v origináli, príslovia, porekadlá a ustálené slovné spojenia na materiáli ruských spisovateliek 20. a 21. storočia

Problematika obohacovania slovnej zásoby čitateľov prostrednícvom umeleckej literatúry. Vývoj súčasného hovorového ruského jazyka.

Saved in:
Bibliographic Details
Main Author: Hudíková, Stanislava, 1981-
Other Authors: Rechtoríková, Gabriela
Format: Book Chapter
Language:Slovak
Subjects:
Tags: Add Tag
No Tags, Be the first to tag this record!

MARC

LEADER 00000naa a2200000 4500
001 0240687
005 20240502073921.9
041 0 |a slo 
044 |a SK 
245 1 0 |a Prečo čítať v origináli, príslovia, porekadlá a ustálené slovné spojenia na materiáli ruských spisovateliek 20. a 21. storočia  |c Stanislava Hudíková, Gabriela Rechtoríková 
520 |a Problematika obohacovania slovnej zásoby čitateľov prostrednícvom umeleckej literatúry. Vývoj súčasného hovorového ruského jazyka. 
610 2 0 |a ruština 
610 2 0 |a literatúra 
610 2 0 |a zásoba slovná 
610 2 0 |a frazeológia 
610 2 0 |a jazyky cudzie 
100 1 |a Hudíková, Stanislava, 1981- 
700 1 |a Rechtoríková, Gabriela